000 00783nam a2200241Ia 4500
003 OSt
005 20221005113111.0
006 a|||||r|||| 00| 0
007 ta
008 221004b |||||||| |||| 00| 0 pan d
020 _a81876542015
_c400
024 _a114235
037 _b582, 06/02/2012, H.K. Prakashan
_cTextual
040 _aCRL
_cCRL
_bpan
041 _2pan
_apan
082 _aI, 153Q1
100 _aਝੰਡ, ਸੁਖਦੇਵ ਸਿੰਘ
245 0 _aਸਾਡੇ ਰੱੁਖ
260 _aਦਿੱਲੀ
_bਮਨਪ੍ਰੀਤ ਪ੍ਰਕਾਨ ਭਾਰਤ
_c2011
300 _a188ਪੰ
_ccm.
942 _hI, 153Q1
_cTEXL
_2cc
999 _c1027046
_d1027046